000
00296nam a22001337a 4500
008
170524b xxu||||| |||| 00| 0 eng d
020
_a
9780073375977
041
_a
eng
080
_2
7TH
_a
62
100
_a
16
101
_a
IM
245
_a
SOFTWARE ENGINEERING
_c
PRESSMAN, R.S
942
_2
udc
_c
BK
999
_c
13969
_d
13969